header

Amazing Gorillas (Record no. 264330)

MARC details
000 -LEADER
fixed length control field 00233nam a22001097a 4500
020 ## - INTERNATIONAL STANDARD BOOK NUMBER
ISBN 0439866685
100 ## - MAIN ENTRY--AUTHOR NAME
Personal name Sarah Thomson
245 ## - TITLE STATEMENT
Title Amazing Gorillas
260 ## - PUBLICATION, DISTRIBUTION, ETC. (IMPRINT)
Place of publication New York
Name of publisher Scholastic Inc
Year of publication 2005
300 ## - PHYSICAL DESCRIPTION
Number of Pages 32p
942 ## - ADDED ENTRY ELEMENTS (KOHA)
Koha item type Long Loan Books
Holdings
Withdrawn status Lost status Collection code Home library Current library Shelving location Date acquired Accession Number Koha item type
    Non-fiction Rongo University Library Rongo University Library Children's Area 15/08/2024 CL2021424 Long Loan Books

© 2026 Rongo University
Contact us: librarian | system librarian | Rongo university